[Event "Bad Harzburg op 1st"]
[Site "Bad Harzburg"]
[Date "1999.11.28"]
[Round "7.8"]
[White "Heydecke, Ronald"]
[Black "Olzem, Lothar"]
[Result "1/2-1/2"]
[WhiteElo "1951"]
[BlackElo "2188"]
[PlyCount "37"]
[EventDate "1999.11.24"]
[EventType "swiss"]
[EventRounds "7"]
[EventCountry "GER"]
[SourceTitle "EXT 2023"]
[Source "ChessBase"]
[SourceDate "2022.10.05"]
[SourceVersion "1"]
[SourceVersionDate "2022.10.05"]
[SourceQuality "1"]

1. e4 c5 2. Nf3 Nc6 3. d4 cxd4 4. Nxd4 Nf6 5. Nc3 g6 6. Be3 Bg7 7. Be2 0-0 8. Qd2 d5 9. exd5 Nb4 10. 0-0 Nbxd5 11. Nxd5 Nxd5 12. Bh6 e5 13. Bxg7 Kxg7 14. Nb3 Nf4 15. Rfd1 Qg5 16. Bf3 Bg4 17. Bxg4 Qxg4 18. f3 Qg5 19. Kh1 1/2-1/2